000 01116nam a22002657a 4500
001 BD-DhSAU
003 BD-DhSAU
005 20251112155827.0
008 150420b2005 bg ||||| m||| 00| 0 eng d
040 _aBD-DhSAU
082 _222
_a639.8
_bSa584
100 _aATIA, MOST. SANJIDAH
_eRegistration No. # 18-08934
245 _aEvaluation of nutritional value and frozen storage ability of selected commercially important marine fish species of bangladesh /
_bMS thesis
260 _aSher-e-Bangla Agricultural University:
_bDepartment of Fishing and Post Harvest Technology,
_c2025.
300 _axii, 41p. ;
_c30 cm.
500 _aMS thesis of Department of Fishing and Post Harvest Technology,,, Faculty of Fisheries , Sher-e-Bangla Agricultural University, Dhaka, Bangladesh
504 _aIncludes bibliographical reference.
590 _aNazmul
650 _anutritional value and frozen
651 _amarine fish species
700 _aProf. Dr. Asif Wares Newaz
_eSuperviser
700 _aAssist. Prof. Dr. Md. Mohibbullah
_eCo-superviser
856 _yNO
942 _2ddc
_cTHESIS
999 _c18156
_d18155